| 000 | 00615nam a22002052 4500 | ||
|---|---|---|---|
| 001 | 0000023776 | ||
| 005 | 20151217145943.0 | ||
| 008 | 130322s xx 000 0 eng d | ||
| 020 | _a8126518050 : | ||
| 040 |
_aKABU _cKABU |
||
| 100 | 1 |
_aFeller, William. _@0000183479 |
|
| 245 | 1 | 3 |
_aAn Introduction to probability theory and its applications / _cWilliam Feller. |
| 250 | _a1st ed. | ||
| 260 |
_aNew Delhi : _bJ. Wiley, _c1968. |
||
| 300 | _axviii, 509 p. | ||
| 650 | 0 |
_aProbabilities. _@0000154769 |
|
| 852 | 1 | _9p2200 KES | |
| 908 | _a130322 | ||
| 950 | _@1 | ||
| 999 |
_c4430 _d4430 |
||